000 00636cam a22002173a 4500
001 42934
003 PGUSA
005 20140828083956.0
008 130613s2013||||xxu|||||s|||||000 | eng d
040 _aPGUSA
_beng
042 _adc
100 1 _aRoy, Lillian Elizabeth,
_d1868-1932
245 1 0 _aPolly's Southern Cruise
_h[electronic resource] /
_cLillian Elizabeth Roy
260 _bProject Gutenberg,
_c2013
506 _aPublic domain in the USA.
516 _aElectronic text
700 1 _aBarbour, Harold S.,
_d1889-1961
830 0 _aProject Gutenberg
_v42934
856 4 0 _uhttp://www.gutenberg.org/ebooks/42934
942 _cEB
999 _c272186
_d272186